Top 100 big 4 sports athlets of the 2020s - Statistics

General Stats
  • This quiz has been taken 39 times
  • The average score is 36 of 100
Answer Stats
Hint Answer % Correct
14. NBA Lebron James
94%
82. NFL Derwin James
88%
2. NFL Patrick Mahomes
85%
5. NBA Luke Doncic
82%
4. NBA Nikola Jokic
82%
1. MLB Shohei Ohtani
82%
3. NHL Connor Mcdavid
76%
17. NBA Steph Curry
73%
20. NFL Tom Brady
73%
9. NFL Lamar Jackson
70%
10. MLB Aaron Judge
67%
99. NFL Max Crosby
67%
8. NBA Shai Gilgeous Alexander
67%
21. NHL Sidney Crosby
67%
6. NFL Josh Allen
64%
26. NFL Travis Kelce
61%
36. NFL Jason Kelce
58%
32. NBA Kevin Durant
58%
12. NHL Nathan Mackinnon
58%
73. NFL Roquan Smith
58%
24. NBA James Harden
55%
47. NBA Jayson Tatum
52%
22. NFL Joe Burrow
52%
76. NBA Victor Wembanyama
52%
25. NFL Aaron Rodgers
48%
90. NFL A.J. Brown
48%
39. NBA Anthony Edwards
48%
86. NFL Cooper Kupp
48%
31. NFL Jamarr Chase
48%
30. NFL Matthew Stafford
48%
44. NBA Anthony Davis
45%
28. NFL Derrick Henry
45%
33. MLB Freddie Freeman
45%
37. NBA Joel Embiid
45%
19. NFL Justin Jefferson
45%
23. MLB Mookie Betts
45%
43. NHL Nikita Kucherov
45%
34. NHL Quinn Hughes
45%
35. NFL Trent Williams
45%
81. NBA Jalen Brunson
42%
38. MLB Juan Soto
42%
71. NFL Justin Herbert
42%
15. NFL T.J. Watt
42%
62. WNBA Caitlin Clark
39%
79. NFL Saquan Barkley
39%
67. NFL Tyreek Hill
39%
7. NHL Cale Makar
36%
54. NBA Donovan Mitchell
36%
85. NBA Karl Anthony Towns
36%
11. NFL Myles Garret
36%
50. NFL Aaron Donald
33%
45. MLB Bryce Harper
33%
95. NFL Puka Nacua
33%
77.NBA Cade Cunningham
30%
64. NFL CeeDee Lamb
30%
40. NFL Christian McCaffrey
30%
89. NFL Dak Prescott
30%
18. MLB Fernando Tatis
30%
60. MLB Paul Skenes
30%
69. NFL Stefon Diggs
30%
52. MLB Bobby Witt
27%
48. NFL George Kittle
27%
93. NFL Jonathan Taylor
27%
75. MLB Cal Raleigh
24%
91. NFL Dexter Lawrence
24%
56. MLB Francisco Lindor
24%
53. NFL Jalen Ramsey
24%
63. NBA Tyrese Maxey
24%
27. NHL Andrei Vasilevski
21%
80. NFL Bijan Robinson
21%
49. NFL Fred Warner
21%
70. MLB Jose Ramirez
21%
68. NBA Tyrese Haliburton
21%
100. NFL Mike Evans
18%
61. NFL Will Anderson
18%
87. MLB Jacob Degrom
15%
57. NHL Macklin Celebrini
15%
42. NFL Patrick Surtain
15%
66. NHL Jack Eichel
12%
59. NFL Jaire Alexander
12%
78. MLB Ketel Marte
12%
41. NFL Penei Sewell
12%
65. MLB Trea Turner
12%
94. NFL Budda Baker
9%
51. MLB Elly De La Cruz
9%
96. MLB George Springer
9%
46. NHL Igor Shesterkin
9%
58. NFL Jessie Bates
9%
97. NFL Minkah Fitzpatrick
9%
88. NHL Alexander Barkov
6%
84. NFL Kyle Hamilton
6%
83. MLB Rafael Devers
6%
74. NFL Vita Vea
6%
98. NFL Denzel Ward
3%
29. NBA Giannis Antentekumpo
3%
16. NHL Leon Draisitl
3%
92. NBA Bam Adeybayo
0%
55. NHL Connor Hellybuck
0%
72. NHL Rasmussen Dahlin
0%
13. MLB Vladdy Guererro
0%
No matching quizzes found
Score Distribution
Percent of People with Each Score
Percentile by Number Answered
Your Score History
You have not taken this quiz